Linux and Windows 2000 integration toolkit a complete resource/
Saved in:
| Main Author: | |
|---|---|
| Format: | Software eBook |
| Language: | English |
| Published: |
New York :
John Wiley & Sons,
2002.
|
| Subjects: | |
| Tags: |
Add Tag
No Tags, Be the first to tag this record!
|
| LEADER | 01687pam a2200397 i 4500 | ||
|---|---|---|---|
| 001 | 4804 | ||
| 003 | UTeM | ||
| 005 | 20210604013349.0 | ||
| 007 | co ag |||||||| | ||
| 008 | 050727s2002 nyu | eng | ||
| 020 | |a 0471417467 |c RM180.52 |q paperback | ||
| 040 | |a DLC |b eng |c UTeM |e rda | ||
| 050 | 0 | 0 | |a QA76.6 |b .B7778 2002 |
| 090 | 0 | 0 | |a QA76.6 |b .B78 2002 |
| 100 | 1 | |a Brunson, Ross, |9 52907 |e author. | |
| 245 | 1 | 0 | |a Linux and Windows 2000 integration toolkit |b a complete resource/ |c Ross Brunson. |
| 264 | 1 | |a New York : |b John Wiley & Sons, |c 2002. | |
| 300 | |a xii, 371 pages : |b colour illustrations, charts ; |c 24 cm + |e 1 computer disc (12cm) | ||
| 336 | |a text |2 rdacontent | ||
| 336 | |a still image |2 rdacontent | ||
| 337 | |a unmediated |2 rdamedia | ||
| 338 | |a volume |2 rdacarrier | ||
| 500 | |a Accompanied by CD : CDR 01064 | ||
| 504 | |a Includes references. | ||
| 650 | 0 | |a Computer interfaces. |9 1259 | |
| 650 | 0 | |a Microcomputers |x Programming. |9 418 | |
| 650 | 0 | |a UNIX (Computer file). |9 50611 | |
| 650 | 0 | |a Microsoft Windows (Computer file). |9 12018 | |
| 942 | |2 lcc |c BOK - OS |k os | ||
| 997 | |a FTMK | ||
| 998 | 0 | 0 | |a mrd/241002 |
| 998 | 0 | 0 | |a mhz/030621 |
| 999 | |c 4804 |d 4804 | ||
| 952 | |0 0 |1 0 |2 lcc |4 0 |6 QA0076 00006 B78 02002 |7 0 |9 5910 |a PLHKI |b PLHKI |c 8 |d 2019-02-26 |e ENCM |g 180.52 |l 5 |o QA76 6 .B78 2002 |p 0000006818 |r 2007-09-24 |s 2007-09-24 |w 2019-02-26 |y BOK - OS | ||
| 952 | |0 0 |1 0 |2 lcc |4 0 |6 CDR01064 |7 0 |9 18759 |a MEDIA |b MEDIA |c 6 |d 2019-02-26 |e ENCM |g 0.00 |l 0 |o CDR 01064 |p 0000006820 |r 2006-11-27 |s 2006-11-27 |w 2019-02-26 |y CDR - MED | ||
| 952 | |0 0 |1 0 |2 lcc |4 0 |6 CDR01064 |7 0 |9 18760 |a MEDIA |b MEDIA |c 6 |d 2019-02-26 |e ENCM |g 0.00 |l 0 |o CDR 01064 |p 0000032790 |r 2006-11-27 |s 2006-11-27 |w 2019-02-26 |y CDR - MED | ||